00668nam a2200169 a 450000100100000000500170001000800410002704000250006808200210009310000300011424000560014424500940020026000920029430000280038665000470041465000370046100000109520200929145457.0860606s1984 pe a b 000 0 spa  aDO-SdBNPbspacBNPHU a332.04298bG873i1 aGriffith-Jones, Stephany.10aInternational finance and Latin America.lEspañol10aFinanzas internacionales y Latinoamérica :bpasado y futuro /cStephany Griffith-Jones. aLima :bAsociación Latinoamericana de Instituciones Financieras de Desarrollo,c1984. a194 p. :bil. ;c24 cm. 4aFinanzas internacionaleszAmérica Latina 4aDeudas externazAmérica Latina